BUSINESS COMMUNICATION MAKING CONNECTION (Record no. 28850)

MARC details
000 -LEADER
fixed length control field 00362nam a2200133Ia 4500
008 - FIXED-LENGTH DATA ELEMENTS--GENERAL INFORMATION
fixed length control field 240624s9999 xx 000 0 und d
041 ## - LANGUAGE CODE
Language code of text/sound track or separate title eng
082 ## - DEWEY DECIMAL CLASSIFICATION NUMBER
Classification number 658.45 LES
100 ## - MAIN ENTRY--PERSONAL NAME
Personal name LESIKAR RAYMOND V
245 ## - TITLE STATEMENT
Title BUSINESS COMMUNICATION MAKING CONNECTION
250 ## - EDITION STATEMENT
Edition statement (11th ed.)
260 ## - PUBLICATION, DISTRIBUTION, ETC.
Date of publication, distribution, etc. 2009
Place of publication, distribution, etc. New Delhi
Name of publisher, distributor, etc. McGraw-Hill
300 ## - PHYSICAL DESCRIPTION
Extent xxix, , 737 , 23 : p. : cm.
Holdings
Withdrawn status Lost status Damaged status Not for loan Home library Current library Shelving location Date acquired Full call number Barcode Date last seen Price effective from Koha item type
        IMTN IMTN Rack 33-A 06/14/2017 658.45 LES 28850 06/24/2024 06/24/2024 Books
Designed & Maintained by: LRC IMT Nagpur Contact: lrc@imtnag.ac.in© 2024. All Rights Reserved.